000 00445nam a2200181 a 4500
001 1769935627508
003 YourLibrary
005 20260201143128.0
008 260201s2007##################000#0#eng##
020 _a9788122419986
082 0 4 _a332
_bCOH
100 1 _aCohen, Benjamin J.,
_eauthor.
245 1 0 _aThe Future Of Money :
260 _c2007.
300 _a320 pages
942 _cENGLISH
040 _aYourLibrary
_beng
_cYourLibrary
999 _c609680
_d609680